Statistics for Pokémon Scarlet and Violet - All Paradox Pokémon

Click here to take the quiz!

General Stats

  • This quiz has been taken 14 times
  • The average score is 14 of 16

Answer Stats

Type 1Type 2Answer% Correct
FairyPsychicScream Tail
100%
IceWaterIron Bundle
92%
DragonDarkRoaring Moon
92%
GroundFightingGreat Tusk
85%
FightingElectricIron Hands
85%
DarkFlyingIron Jugulis
85%
??????Iron Leaves
85%
FirePoisonIron Moth
85%
RockElectricIron Thorns
85%
GroundSteelIron Treads
85%
FairyFightingIron Valiant
85%
ElectricGroundSandy Shocks
85%
BugFightingSlither Wing
85%
GrassDarkBrute Bonnet
77%
??????Walking Wake
77%
GhostFairyFlutter Mane
69%

Score Distribution

Percentile by Number Answered

Percent of People with Each Score

Your Score History

You have not taken this quiz